<?xml version="1.0" encoding="UTF-8"?><collection xmlns="info:lc/xmlns/marcxchange-v2"><record format="Unimarc" type="bibliographic"><leader>00622nam  2200217   450 </leader><controlfield tag="001">2586096</controlfield><controlfield tag="003">http://id.bnportugal.gov.pt/bib/porbase/2586096</controlfield><datafield ind1=" " ind2=" " tag="010"><subfield code="a">978-1-56592-479-6</subfield></datafield><datafield ind1=" " ind2=" " tag="035"><subfield code="a">(bn)1856745</subfield></datafield><datafield ind1=" " ind2=" " tag="100"><subfield code="a">20131122f20002013m  y0pory01030103ba</subfield></datafield><datafield ind1="0" ind2=" " tag="101"><subfield code="a">por</subfield></datafield><datafield ind1=" " ind2=" " tag="102"><subfield code="a">BR</subfield></datafield><datafield ind1=" " ind2=" " tag="105"><subfield code="a">y   z   000cy</subfield></datafield><datafield ind1=" " ind2=" " tag="106"><subfield code="a">r</subfield></datafield><datafield ind1="1" ind2=" " tag="200"><subfield code="a">?O ?martelo das putas</subfield><subfield code="e">?(?ou o evangélio de Marco e outras putices)</subfield></datafield><datafield ind1=" " ind2="9" tag="210"><subfield code="a">[S.l.</subfield><subfield code="c">s.n.</subfield><subfield code="d">200-]</subfield></datafield><datafield ind1=" " ind2=" " tag="215"><subfield code="a">[31] f.</subfield><subfield code="d">29 cm</subfield></datafield><datafield ind1=" " ind2=" " tag="675"><subfield code="a">821.134.3(81)-4"20"</subfield><subfield code="v">BN</subfield><subfield code="z">por</subfield><subfield code="3">1163562</subfield></datafield><datafield ind1=" " ind2="1" tag="700"><subfield code="a">Marco</subfield><subfield code="b">Gilmar de</subfield><subfield code="c">pseud.</subfield><subfield code="3">2003204</subfield></datafield><datafield ind1=" " ind2="0" tag="801"><subfield code="a">PT</subfield><subfield code="b">BN</subfield><subfield code="g">RPC</subfield></datafield><datafield ind1=" " ind2=" " tag="966"><subfield code="l">BN</subfield><subfield code="m">FGMON</subfield><subfield code="x">3</subfield></datafield><datafield ind1=" " ind2=" " tag="997"><subfield code="a">BIBEOD</subfield></datafield></record></collection>